000 00270nam a2200121Ia 4500
008 170224s9999 xx 000 0 und d
245 _aOn Bullying
260 _bAmerican Journal of Nursing
260 _c2016
300 _a116:5
500 _aMay
650 _xNursing.
999 _c316996
_d316996